000 03600cam a22012374i 4500
003 PE-LiUPU
005 20250813185633.0
008 150706s2004 pe rb 000 0 spa d
020 _a9972890457
035 _a(Sirsi) i9789972890451
040 _aPE-LiUPU
_bspa
_cPE-LiUPU
_erda
049 _aPRUA
082 0 4 _a338.04
_bD97
_221
100 1 _aDurand, Francisco,
_d1950- ,
_eautor.
245 1 3 _aEl poder incierto :
_btrayectoria económica y política del empresario peruano /
_cFrancisco Durand.
264 1 _aLima :
_bFondo Editorial del Congreso del Perú,
_c2004.
300 _a494 páginas ;
_c24 cm.
336 _atext
_2rdacontent
337 _aunmediated
_2rdamedia
338 _avolume
_2rdacarrier
504 _aIncluye bibliografía: p. 463-494.
505 0 _aEmpresarios, gremios y proceso político peruano -- Primeros industriales e inmigración europea -- Militares revolucionarios e industriales -- Industriales y apertura de mercados -- El reto del rebrote populista -- La nueva derecha peruana en la coyuntura de 1990 -- Relaciones empresarios-gobierno de 1968 a 1988 y la solución fujimorista a la incertidumbre -- El empresario en perspectiva comparativa -- Colombia, Perú y Venezuela: una revisión histórica de las relaciones estado-empresa (con Rosemary Thorp) -- Revueltas empresariales: lecciones del caso de Panamá -- Grupos de poder económico. Piel y huesos -- 30 años después, ¿qué ha cambiado?.
526 _aP202
526 _aP201
526 _aP163
526 _aP162
526 _aP161
526 _aP160
526 _aP148
526 _aP147
526 _aP146
526 _aP145
526 _aP144
526 _aP143
526 _aP142
526 _aP141
526 _aP140
526 _aP139
526 _aP138
526 _aP137
526 _aP136
526 _aP135
526 _aP134
526 _aP133
526 _aP129
526 _aP128
526 _aP127
526 _aP120
526 _aP119
526 _aP118
526 _aP116
526 _aP115
526 _aP114
526 _aP110
526 _aP109
526 _aP108
526 _aP104
526 _aP103
526 _aP102
526 _aP99
526 _aP98
526 _aP97
526 _aP96
526 _aP95
526 _aP93
526 _aP90
526 _aP89
526 _aP88
526 _aP83
526 _aP82
526 _aP62
526 _aP59
526 _aP58
526 _aP57
526 _aP51
526 _aP49
526 _aP48
526 _aP47
526 _aP29
526 _aP24
526 _aP20
526 _aP19
526 _aP17
526 _aP15
526 _aP14
526 _aP12
526 _aP10
526 _aP09
526 _aP08
526 _aP07
526 _aP06
526 _aP05
526 _aP04
526 _aP01
541 _g002-014792;
650 0 4 _aEmpresarios
_zPerú.
650 0 4 _aParticipación política
_zPerú.
650 0 4 _aPolítica industrial.
650 0 4 _aHistoria económica
_zPerú.
910 _agl
_cjck
_d20131029
942 _2ddc
_cBOOK
949 _a338.04 D97
_wDEWEY
_c1
_i68811
_lCCODEBUL1
_mBUL
_p30.00
_r0
_sY
_tBOOK
_u2015-7-6
_xFCE
_PP04
_o.STAFF. Colección General
994 _aC0
_bPEPRU
596 _a1
999 _a338.04 D97
_wDEWEY
_c56028
_i68811
_f2021-11-5
_g6
_lCCODEBUL1
_mBUL
_p30.00
_r0
_sY
_tBOOK
_u2015-7-6
_xBIBLIOTECA
_PP04
_0COMPRA
_o.STAFF. Colección General
_d56028
980 _81
_gALBERTO SANCHEZ Responsable de Automatización